000 00607nam a2200229Ia 4500
005 20251121225846.0
008 230125s9999 xx 000 0 und d
020 _a978-81-8495-626-9
041 _aeng
082 _a158.1
_bHER
100 _aHerceg R
_9215327
245 _aThe Power Book 200 Ways To Make Power Work For You
250 _a2nd Ed.
260 _c2016
_bJaico Publishing House
_aMumbai
300 _a212p
_cPaper Back
440 _v1
500 _aPersonality Development
650 _aPersonality Development
_9213420
700 _aHerceg R
_9215327
906 _b27
942 _cBK
999 _c95929
_d95929